| 000 | 00962nam a2200205 i 4500 | ||
|---|---|---|---|
| 001 | 156510 | ||
| 003 | ES-MaACL | ||
| 005 | 20250921063034.0 | ||
| 008 | 940202s1852 sp |||| | spa d | ||
| 100 | 1 |
_aOrdóñez, Melchor, _d1811-1860 _9130676 |
|
| 245 | 1 | 0 |
_aMemoria sobre las reformas introducidas en el ramo de la beneficiencia provincial de Madrid : _baño de 1852 / _cpor el gobernador de la provincia, Melchor Ordóñez. |
| 260 |
_aMadrid : _b[s.n., _c1852?] ( _fImp. de don José María Alonso) |
||
| 300 |
_a22 p. ; _c30 cm. |
||
| 530 | _aDisponible en formato digital. | ||
| 610 | 1 | 4 |
_aMadrid. _bJunta Municipal de Beneficencia. _9201398 |
| 650 | 4 |
_aBeneficencia- _zMadrid. _9150492 |
|
| 852 | 4 |
_aES-MaACL _jT-52-F-5 _z- Enc. hol., falto de cub. original _z- Enc. en un vol. facticio |
|
| 856 | 4 |
_uhttp://bibliotecavirtualdefensa.es/BVMDefensa/es/consulta/registro.do?id=16547 _zBiblioteca Virtual de Defensa |
|
| 999 |
_c156510 _d156510 |
||